| 000 | 00446nam a2200157 4500 | ||
|---|---|---|---|
| 001 | 124228 | ||
| 003 | ES-MaACL | ||
| 005 | 20230906192341.0 | ||
| 007 | t| | ||
| 008 | 070214s1973 sp r ||||1| spa d | ||
| 100 | 1 |
_aRas Oliva, Enrique. _995479 |
|
| 245 | 1 | 0 |
_aTeoría de líneas eléctricas / _cEnrique Ras Oliva. |
| 260 |
_aBarcelona : _bUniversidad Politécnica, _c1973. |
||
| 300 |
_a1 v. ; _c22 cm. |
||
| 852 |
_aES-MaACL _jP-1711 _bR.88484 |
||
| 999 |
_c124228 _d124228 |
||